Zawodnicy cyklu SGP 2023 - Statystyki

Ogólne statystyki
  • Ten quiz został rozwiązany 39 razy
  • Średni wynik to 13 z 15
Statystyki odpowiedzi
Numer Flaga Zawodnik % Poprawnych
#95 🇵🇱 Bartosz Zmarzlik
100%
#66 🇸🇪 Fredrik Lindgren
97%
#71 🇵🇱 Maciej Janowski
97%
#692 🇵🇱 Patryk Dudek
97%
#69 🇦🇺 Jason Doyle
94%
#108 🇬🇧 Tai Woffinden
94%
#25 🇦🇺 Jack Holder
91%
#99 🇬🇧 Dan Bewley
88%
#30 🇩🇰 Leon Madsen
88%
#54 🇸🇰 Martin Vaculik
88%
#505 🇬🇧 Robert Lambert
82%
#105 🇩🇰 Anders Thomsen
74%
#46 🇦🇺 Max Fricke
74%
#233 🇸🇪 Kim Nilsson
65%
#155 🇩🇰 Mikkel Michelsen
65%
Nie znaleziono quizów pasujących do podanych kryteriów
Rozkład punktacji
Procent ludzi z każdym wynikiem
Percentyl według liczby udzielonych odpowiedzi
Twoja historia wyników
Nie rozwiązałeś tego quizu